Score 0/20 Timer 04:00
7 Plays Today
First Letter Country % Correct
DDenmark
87.7%
ZZimbabwe
86.5%
HHungary
82.8%
LLaos
81.2%
PPoland
79.5%
GGermany
79.3%
VVanuatu
71.2%
NNepal
71.2%
TTuvalu
65.5%
KKuwait
63.5%
First Letter Country % Correct
KKenya
62.9%
NNauru
61.6%
UUzbekistan
60%
UUnited Kingdom
56.1%
GGreece
48.3%
BBangladesh
45.9%
DDominica
45.7%
DDemocratic Republic of the Congo
38.4%
BBurkina Faso
32.4%
SSan Marino
23%
Remove Ads.
Support Sporcle.
Get the best of Sporcle when you Go Orange. This ad-free experience offers more features, more stats, and more fun while also helping to support Sporcle. Thank you for becoming a member.

You're not logged in!

Compare scores with friends on all Sporcle quizzes.
OR
Log In

Sporcle TV

Today on Sporcle TV


Watch our educational content, quiz creation guides, and fun videos on Sporcle TV.

Show Comments

Extras

Top Quizzes Today


Score Distribution

Paid Content

Your Account Isn't Verified!

In order to create a playlist on Sporcle, you need to verify the email address you used during registration. Go to your Sporcle Settings to finish the process.

Report this User

Report this user for behavior that violates our Community Guidelines.

Details: